Growing up : (Record no. 7924)

MARC details
000 -LEADER
fixed length control field 01354nam a22003017a 4500
001 - CONTROL NUMBER
control field 7924
003 - CONTROL NUMBER IDENTIFIER
control field FISKH
005 - DATE AND TIME OF LATEST TRANSACTION
control field 20250814092936.0
008 - FIXED-LENGTH DATA ELEMENTS--GENERAL INFORMATION
fixed length control field 250814b cb ||||| |||| 00| 0 eng d
020 ## - INTERNATIONAL STANDARD BOOK NUMBER
International Standard Book Number 9780439249591
040 ## - CATALOGING SOURCE
Original cataloging agency FISKH
Language of cataloging eng
Transcribing agency FISKH
Modifying agency FISKH
050 ## - LIBRARY OF CONGRESS CALL NUMBER
Classification number QL763 .S757
082 ## - DEWEY DECIMAL CLASSIFICATION NUMBER
Classification number 591.39
100 ## - MAIN ENTRY--PERSONAL NAME
Personal name Stonehouse, Bernard
Dates associated with a name (1926–2014)
245 ## - TITLE STATEMENT
Title Growing up :
Remainder of title Strange beginnings /
Statement of responsibility, etc. BY Bernard Stonehouse ; Illustrated by John Francis
250 ## - EDITION STATEMENT
Edition statement This edition first published in 2000
260 ## - PUBLICATION, DISTRIBUTION, ETC.
Place of publication, distribution, etc. Florida :
Name of publisher, distributor, etc. Tangerine,
Date of publication, distribution, etc. 2000
300 ## - PHYSICAL DESCRIPTION
Extent 48 pages :
Other physical details color illustrations ;
Dimensions 28 cm
505 ## - FORMATTED CONTENTS NOTE
Formatted contents note R<br/>
520 ## - SUMMARY, ETC.
Summary, etc. Growing Up is a new series that shows and tells how young animals survive the dangers of early life to grow or change into adults. Dramatic artwork focuses on a special moment at or soon after birth, while smaller drawings illustrate vital stages of the birth, the growing up, or the change from one form to another. Some of the young creatures featured in this book are: Puss-moth, Surinam toad, Gray kangaroo, Emperor penguin, Naked mole rat, Cuckoo Hoatzin, Green crab and Bitterling.<br/>
521 8# - TARGET AUDIENCE NOTE
Target audience note 730<br/>
Source Lexile<br/>
521 8# - TARGET AUDIENCE NOTE
Target audience note R<br/>
Source Raz-Plus<br/>
650 ## - SUBJECT ADDED ENTRY--TOPICAL TERM
Source of heading or term Animals NF
Topical term or geographic name entry element Flounder
650 ## - SUBJECT ADDED ENTRY--TOPICAL TERM
Source of heading or term Cuckoo
Topical term or geographic name entry element Sea horse
700 ## - ADDED ENTRY--PERSONAL NAME
Personal name Francis, John
Dates associated with a name illustrator
942 ## - ADDED ENTRY ELEMENTS (KOHA)
Source of classification or shelving scheme Dewey Decimal Classification
Koha item type Books
Suppress in OPAC No
Holdings
Withdrawn status Lost status Source of classification or shelving scheme Damaged status Not for loan Collection Home library Current library Shelving location Date acquired Total Checkouts Full call number Barcode Date last seen Copy number Price effective from Koha item type
    Dewey Decimal Classification     Non-Fiction Footprints International School Library Network Toul Tom Poung Campus Footprints International School Library Network Toul Tom Poung Campus TTP Primary Orange Bookshelves 08/14/2025   STO 591.39 QL763 .S757 FIS01581 08/14/2025 1 08/14/2025 Books